00735nam a2200205 i 450000100060000000300090000600500170001500700030003200800410003508000240007624501310010026000330023130000220026449000570028665000250034370000350036883000570040385200210046085200480048139574ES-MaACL20230906160031.0t|030303s1967 sp 0011p spa d a821.134.2-14(082.2)00aCancionero de romances : b(Anvers, 1550) / cedición, estudio, bibliografía e índices por Antonio Rodríguez-Moñino. aMadrid : bCastalia, c1967. a333 p. ; c24 cm.1 aColección de romanceros de los siglos de oro ; v1 4aRomances-zEspaña.1 aRodríguez-Moñino, Antonio.1 aColección de romanceros de los siglos de oro ; v14 aES-MaACLjE-81314 aES-MaACLjP-1417-1 z- Enc. tela verde